Practical genetic counselling / (Record no. 7244)
[ view plain ]
| 000 -LEADER | |
|---|---|
| fixed length control field | 01696cam a2200217 4500 |
| 001 - CONTROL NUMBER | |
| control field | 8383 |
| 005 - DATE AND TIME OF LATEST TRANSACTION | |
| control field | 20181127185758.0 |
| 008 - FIXED-LENGTH DATA ELEMENTS--GENERAL INFORMATION | |
| fixed length control field | 050418s2004 enka b 001 0 eng |
| 010 ## - LIBRARY OF CONGRESS CONTROL NUMBER | |
| LC control number | 2005274255 |
| 020 ## - INTERNATIONAL STANDARD BOOK NUMBER | |
| International Standard Book Number | 034081196X (pbk.) |
| 082 00 - DEWEY DECIMAL CLASSIFICATION NUMBER | |
| Classification number | 616/.042 |
| Edition number | 22 |
| 100 1# - MAIN ENTRY--PERSONAL NAME | |
| Personal name | Harper, Peter S. |
| 245 10 - TITLE STATEMENT | |
| Title | Practical genetic counselling / |
| Statement of responsibility, etc. | Peter S. Harper. |
| 250 ## - EDITION STATEMENT | |
| Edition statement | 6th ed. |
| 260 ## - PUBLICATION, DISTRIBUTION, ETC. | |
| Place of publication, distribution, etc. | London ; |
| Name of publisher, distributor, etc. | Arnold, |
| Date of publication, distribution, etc. | 2004. |
| 300 ## - PHYSICAL DESCRIPTION | |
| Extent | 409 p. : |
| Other physical details | ill. ; |
| Dimensions | 24 cm. |
| 504 ## - BIBLIOGRAPHY, ETC. NOTE | |
| Bibliography, etc. note | Includes bibliographical references and index. |
| 505 ## - FORMATTED CONTENTS NOTE | |
| Formatted contents note | CONTENTS : Genetic counselling: an introduction -- Genetic counselling in Mendelian disorders -- Common disorders and genetic counselling -- Chromosome abnormalities -- Molecular genetics and genetic counselling -- Dysmorphology and genetic syndromes -- Carrier testing and genetic prediction -- Prenatal diagnosis and reproductive aspects of medical genetics -- Special issues in genetic counselling -- The genetic counselling clinic -- Neuromuscular disorders -- Central nervous system disorders -- Disorders of mental function -- Disorders of bone and connective tissue -- Oral and craniofacial disorders -- The skin -- The eye -- Deafness -- Cardiovascular and respiratory disorders -- The gastrointestinal tract -- Renal and urinary tract disease -- Endocrine and reproductive disorders -- Inborn errors of metabolism -- Disorders of blood and immune function -- Genetic risks in cancer -- Environmental hazards -- Population aspects of genetic counselling and genetic screening -- Genetics and society. Appendix: Useful information in connection with genetic counselling. |
| Miscellaneous information | |
| Statement of responsibility | |
| Title | |
| 650 #0 - SUBJECT ADDED ENTRY--TOPICAL TERM | |
| Topical term or geographic name entry element | Genetic counseling. |
| Withdrawn status | Lost status | Source of classification or shelving scheme | Damaged status | Not for loan | Collection code | Home library | Current library | Shelving location | Serial Enumeration / chronology | Inventory number | Total Checkouts | Full call number | Barcode | Date last seen | Price effective from | Koha item type |
|---|---|---|---|---|---|---|---|---|---|---|---|---|---|---|---|---|
| Dewey Decimal Classification | Main TEST | RTC Library | RTC Library | Main opac | 12819 | 616 HAR | 30012126 | 27/11/2018 | 27/11/2018 | Main |